Seleção de contos para a infância (Registo nº 4522)
[ vista simples ]
| 000 -Etiqueta do registo | |
|---|---|
| Cabeçalho | 00901nam0a2200289 4500 |
| 005 - Identificador da versão | |
| Campo de controlo | 20240813122104.0 |
| 010 ## - Número internacional normalizado dos livros (ISBN) | |
| Número (ISBN) | 9789720726858 |
| 021 ## - Número do Depósito Legal | |
| Código do país | PT |
| Número | 360714/13 |
| 003 - Persistent Record Identifier | |
| control field | http://porbase.bnportugal.pt/ipac20/ipac.jsp?profile=bn&uri=full=3100024~!2588753~!0 |
| 100 ## - Dados gerais de processamento | |
| Dados gerais de processamento | 20161104d2014 cd y0pory50030103ba |
| 102 ## - Pais de publicação ou produção | |
| País de publicação | Portugal |
| 101 0# - Língua de publicação | |
| Língua do texto, banda sonora, etc. | Português |
| 215 ## - Descrição física | |
| Indicação específica da natureza do documento e extensão da espécie | 39 p. |
| Outras indicações físicas | il. color |
| 200 1# - Titulo e menção de responsabilidade | |
| Título próprio | Seleção de contos para a infância |
| Primeira menção de responsabilidade | Guerra junqueiro |
| Outras menções de responsabilidade | il. Luciana Bicalho |
| 225 1# - Colecção | |
| Título próprio da colecção | Educação literária |
| 210 ## - Publicação, Distribuição, etc. | |
| Lugar da edição, distribuição, etc. | Porto |
| Nome do editor, distribuidor, etc. | Porto ed. |
| Data da publicação, distribuição, etc. | 2014 |
| 300 ## - Notas gerais | |
| Texto da nota | Metas Curriculares |
| Texto da nota | PNL |
| 606 ## - Nome comum usado como assunto | |
| Número de registo de entrada de autoridade | 0001335 |
| Palavra de ordem | Literatura portuguesa |
| Subdivisão de assunto | Conto |
| Código do sistema | CA |
| 675 ## - Classificação Decimal Universal (CDU) | |
| Notação | 821.134.3-34 |
| Edição | 3ª ed. |
| Língua da edição | por |
| 702 #1 - Nome de autor-pessoa física (responsabilidade secundária) | |
| Número de registo de entrada de autoridade | 0001434 |
| Palavra de ordem | Bicalho |
| Outra parte do nome não tomada para palavra de ordem | Luciana |
| Código de função | Ilustrador / Técnico de desenho computorizado |
| 700 #1 - Nome de autor-pessoa física (responsabilidade principal) | |
| Número de registo de entrada de autoridade | 0001433 |
| Palavra de ordem | Junqueiro |
| Outra parte do nome não tomada para palavra de ordem | Guerra |
| Datas | 1850-1923 |
| 966 ## - Identificação da Biblioteca | |
| Sigla | EBVEN |
| 942 ## - Elementos de entrada adicionados (Koha) | |
| Tipo de item no Koha | Livro |
| Situação do levantamento | Origin of item (home branch) (coded) | Biblioteca de empréstimo | Código de barras | Cota | Circulation type (not for loan) | Tipo de documento | Nota do exemplar | Damaged status | Nº de registo manual |
|---|---|---|---|---|---|---|---|---|---|
| Biblioteca Escolar da Coca Maravilhas | Biblioteca Escolar da Coca Maravilhas | BECM20225 | 8C JUN | Livro | Sem mensagem | 20225 | |||
| Biblioteca Escolar da Coca Maravilhas | Biblioteca Escolar da Coca Maravilhas | BECM20226 | 8C JUN | Livro | Sem mensagem | 20226 | |||
| Biblioteca Escolar da Coca Maravilhas | Biblioteca Escolar da Coca Maravilhas | BECM20227 | 8C JUN | Livro | Sem mensagem | 20227 | |||
| Biblioteca Escolar das Vendas | Biblioteca Escolar das Vendas | BEV2531 | 8POR JUN MET PNL | Livro | Sem mensagem |
